000 01000cam a22003014a 4500
001 17133853
003 USPCAS-E
005 20180118181419.0
008 120125s2012 nju b 001 0 eng
010 _a 2011051140
020 _a9781119952510 (cloth)
040 _aDLC
_cDLC
_dDLC
042 _apcc
050 0 0 _aQD381.9.D47
_bS73 2012
082 0 0 _a621.381542
_223
_bSTA 2012
245 0 0 _aStability and degradation of organic and polymer solar cells /
_ceditor, Frederik C. Krebs.
260 _aHoboken, N.J. :
_bWiley,
_c2012.
300 _a368 p. :
_bill. ;
_c2 6 cm.
502 _a.
504 _aIncludes bibliographical references and index.
650 0 _aPolymers
_xDeterioration.
650 0 _aPhotovoltaic cells.
650 0 _aOrganic compounds
_xBiodegradation.
700 1 _aKrebs, Frederik C.
906 _a7
_bcbc
_corignew
_d1
_eecip
_f20
_gy-gencatlg
942 _2ddc
_cBK
999 _c355953
_d355953